00397nam a2200109Ia 4500008004100000100001900041245009600060245004400156260000900200650002600209856005200235160609s9999 xx 000 0 und d aCook, Diane J. aActivity Learning: Discovering, Recognizing, and Predicting Human Behavior from Sensor Data cBy:Diane J. Cook, Narayanan C. Krishnan c2015 xBEHAVIORAL MANAGEMENT uhttp://file.ebook777.com/011/978-1118893760.pdf